| 000 | 00342nam a2200133Ia 4500 | ||
|---|---|---|---|
| 008 | 240624s9999 xx 000 0 und d | ||
| 041 | _aeng | ||
| 082 | _a658.80081 TUN | ||
| 100 | _aTUNGATE MARK | ||
| 245 | _aBRANDED MALE MARKETING TO MEN | ||
| 260 |
_c2008 _aNew Delhi _bKogan Page |
||
| 300 | _aix, : 228 : p. : cm. ; 22 | ||
| 365 |
_cRS _b27 |
||
| 999 |
_c15482 _d15482 |
||